00317nam a2200121Ia 4500008004100000041000800041082001500049100001800064245003400082260004100116300003100157365000700188240624s9999 xx 000 0 und d aeng a793.73 OBR aO BRIEN DEREK aULTIMATE BUSINESS QUIZBOOK II c2003aNew DelhibPenguin Books India avii, : 179 : p. : cm. ; 20 cRS